Nekotoryje voprosy teorii flotacii uglej.
Uložené v:
| Hlavný autor: | |
|---|---|
| Médium: | Kniha |
| Jazyk: | Slovak |
| Vydané: |
1953.
|
| Fyzický popis: |
40 s.+4. |
| Tagy: |
Pridať tag
Žiadne tagy, Buďte prvý kto otaguje tento záznam!
|
Titul je dostupný aj v ... 

MARC
| LEADER | 00000nam a22000004a 4500 | ||
|---|---|---|---|
| 001 | 000570021 | ||
| 005 | 20180102093854.0 | ||
| 008 | 180102s1953 xo e 000 0 slo d | ||
| 040 | |a SVKKK |b slo |c SVKKK |e AACR2 | ||
| 100 | 1 | |a Jemeľjanov, D. S. | |
| 245 | 1 | 0 | |a Nekotoryje voprosy teorii flotacii uglej. |
| 260 | |c 1953. | ||
| 300 | |a 40 s.+4. | ||
| 500 | |a Záznam revízie | ||
| 910 | |a svkkk | ||
| 998 | |a BK | ||
| 090 | |g SCKHL |k Sklad |a III.7375 |j 41846 |i 2720504974 |4 Vyradená |s Vyradená | ||